[Event "Wch Blitz"]
[Site "Riadh"]
[Date "2017.12.30"]
[Round "13"]
[White "Ponkratov, Pavel"]
[Black "Almasi, Zoltan"]
[Result "1-0"]
[WhiteElo "2613"]
[BlackElo "2682"]
[PlyCount "89"]
[EventDate "2017.12.29"]
[EventType "swiss (blitz)"]
[EventRounds "21"]
[EventCountry "SAU"]
[SourceTitle "CBM 182 Extra"]
[Source "ChessBase"]
[SourceDate "2018.02.23"]
[SourceVersion "1"]
[SourceVersionDate "2018.02.23"]
[SourceQuality "1"]

1. b3 d5 2. Bb2 Nf6 3. Nf3 Bg4 4. g3 Bxf3 5. exf3 e6 6. f4 ({RR} 6. Bg2 g6 7. O-O Bg7 8. c4 O-O 9. f4 Nc6 10. Nc3 dxc4 11. bxc4 Qd3 12. Re1 Rfd8 13. Nb5 Qxc4 14. a4 a6 15. Rc1 Qb4 16. Bc3 Qe7 17. Bxc6 axb5 18. Bxb5 c6 19. Bc4 Nd5 20. Bxg7 Kxg7 {Nakamura,H (2768)-Khismatullin,D (2594) chess.com INT 2023 1-0 (52)}) 6... c6 7. Bh3 $146 ({RR} 7. Bg2 Nbd7 8. O-O g6 9. d4 Bg7 10. Nd2 O-O 11. Re1 Ne8 12. Nf3 Nd6 13. Ne5 Nf5 14. c3 Nxe5 15. dxe5 h5 16. a4 Re8 17. a5 a6 18. Qd3 Qc7 19. c4 dxc4 20. Qxc4 Rad8 21. b4 Rd7 {Adewumi,T (2352)-Jaskolka,T (2210) chess.com INT 2025 1-0 (43)}) 7... Nbd7 8. O-O Be7 9. Re1 O-O 10. d4 Ne4 11. f5 exf5 12. Bxf5 Ndf6 13. f3 Nd6 14. Bd3 Re8 15. Nc3 Bf8 16. Qd2 g6 17. Kg2 Bg7 18. Ne2 Nh5 19. g4 Nf6 20. Ng3 Nd7 21. Ba3 Nf8 22. c3 Rxe1 23. Rxe1 a5 24. h4 a4 25. Bb4 axb3 26. axb3 Ne8 27. h5 Nc7 28. h6 Bf6 29. f4 Nce6 30. Re2 Qc7 31. Kf3 b6 32. g5 Be7 33. Bxe7 Qxe7 34. Qe3 Nd7 35. Kg4 Qd6 36. f5 Nef8 37. Qf4 Qxf4+ 38. Kxf4 c5 39. Re7 cxd4 40. cxd4 gxf5 41. Bxf5 Rd8 42. Nh5 Kh8 43. Rxf7 Nb8 44. Nf6 Nc6 45. Nxh7 1-0

[Event "Wch Blitz"]
[Site "Riadh"]
[Date "2017.12.30"]
[Round "13"]
[White "Sanal, Vahap"]
[Black "Naiditsch, Arkadij"]
[Result "1-0"]
[WhiteElo "2551"]
[BlackElo "2705"]
[PlyCount "77"]
[EventDate "2017.12.29"]
[EventType "swiss (blitz)"]
[EventRounds "21"]
[EventCountry "SAU"]
[SourceTitle "CBM 182 Extra"]
[Source "ChessBase"]
[SourceDate "2018.02.23"]
[SourceVersion "1"]
[SourceVersionDate "2018.02.23"]
[SourceQuality "1"]

1. Nf3 Nf6 2. g3 g6 3. b3 d5 4. Bb2 c5 5. Bg2 Bg7 6. O-O O-O 7. e3 Nc6 8. d3 Bg4 9. h3 Bxf3 10. Bxf3 e5 11. Nd2 Qd7 12. Bg2 Rad8 $146 ({RR} 12... d4 13. e4 Ne8 14. Qe2 Nd6 15. Nc4 Nxc4 16. bxc4 Bh6 17. Bc1 Bxc1 18. Raxc1 Nb4 19. a3 Na2 20. Ra1 Nc3 21. Qd2 a6 22. f4 Qe7 23. f5 f6 24. Qh6 Qg7 25. Qxg7+ Kxg7 26. a4 g5 27. Ra3 {Batashevs,A (1969)-D'Avino,G (2119) Prague 2016 0-1 (52)}) 13. e4 d4 14. f4 Nh5 15. Qe1 Nb4 16. Rc1 Nxa2 17. Ra1 Nb4 18. Rc1 f5 19. exf5 exf4 20. g4 Rde8 21. Ne4 gxf5 22. Nxc5 Qc8 23. Qxb4 Ng3 24. Bxb7 Qd8 25. Qc4+ Kh8 26. Ne6 Qh4 27. Rf2 Rf6 28. Nxg7 Ne2+ 29. Kf1 Qxh3+ 30. Bg2 Qh2 31. Rxe2 Rxe2 32. Qc8+ Kxg7 33. Qb7+ Kh6 34. Kxe2 Re6+ 35. Kd2 Qg3 36. Rh1+ Kg6 37. Qxh7+ Kf6 38. Bxd4+ Re5 39. Rh6+ 1-0

[Event "Wch Blitz"]
[Site "Riadh"]
[Date "2017.12.30"]
[Round "13"]
[White "Zhao, Jun"]
[Black "Kasimdzhanov, Rustam"]
[Result "1-0"]
[WhiteElo "2604"]
[BlackElo "2683"]
[PlyCount "103"]
[EventDate "2017.12.29"]
[EventType "swiss (blitz)"]
[EventRounds "21"]
[EventCountry "SAU"]
[SourceTitle "CBM 182 Extra"]
[Source "ChessBase"]
[SourceDate "2018.02.23"]
[SourceVersion "1"]
[SourceVersionDate "2018.02.23"]
[SourceQuality "1"]

1. Nf3 c5 2. g3 Nc6 3. Bg2 e5 4. d3 d5 5. O-O Nf6 6. e4 d4 7. a4 Be7 8. Na3 Bg4 ({RR} 8... Be6 9. Ng5 Bg4 10. f3 Bh5 11. Nc4 Nd7 12. Nh3 f6 13. Nf2 O-O 14. h4 Bf7 15. Bh3 Nb6 16. b3 Nxc4 17. bxc4 Bd6 18. f4 exf4 19. gxf4 Qc7 20. Nh1 Kh8 21. Ng3 g6 22. Qf3 Rae8 23. Kh1 {Nakamura,H (2768)-Carlsen,M (2852) chess.com INT 2023 ½-½ (60)}) ({RR} 8... Be6 9. Nd2 O-O 10. h3 Ne8 11. f4 f6 12. f5 Bf7 13. g4 a6 14. Nac4 b5 15. axb5 axb5 16. Rxa8 Qxa8 17. Nb6 Qb7 18. Nd5 Bd8 19. h4 Ne7 20. g5 Nxd5 21. exd5 Bxd5 22. Ne4 fxg5 23. hxg5 {Martin Rueda,D (2266)-George,K (2288) chess.com INT 2025 0-1 (35)}) ({RR} 8... O-O 9. Bd2 Ne8 10. Nc4 Qc7 11. Ne1 Be6 12. f4 f6 13. f5 Bf7 14. g4 Nd6 15. b3 a6 16. a5 Nb5 17. h4 Nc3 18. Qf3 Bxc4 19. dxc4 Nxa5 20. g5 Nc6 21. Qh5 Rfd8 22. Nd3 Nb4 23. Rac1 {Zhao,J (2604)-Anand,V (2782) Riadh 2017 ½-½ (51)}) 9. Bd2 $146 ({RR} 9. h3 Bh5 10. Qe1 Nd7 11. Nh2 O-O 12. h4 f6 13. Bh3 Kh8 14. Bd2 Rb8 15. Qb1 a6 16. a5 b5 17. axb6 Nxb6 18. Qa2 Nb4 19. Bxb4 cxb4 20. Nc4 b3 21. Qxb3 Bf7 22. Qa2 Nxc4 23. dxc4 d3 {Nenezic,M (2490)-Brenjo,S (2436) Ruma 2017 1-0 (51)}) ({RR} 9. Qe1 Nd7 10. Kh1 h5 11. h3 Be6 12. Nd2 g5 13. f4 gxf4 14. gxf4 exf4 15. Ndc4 f3 16. Rxf3 Nde5 17. Nxe5 Nxe5 18. Rf5 Ng6 19. Qg3 Bd6 20. e5 h4 21. Qf2 Nxe5 22. Nb5 Rg8 23. Bg5 Rxg5 {Duda,J (2738)-Vidit,S (2726) Chess24.com INT 2021 ½-½ (53)}) 9... Nd7 10. c3 O-O 11. Qb1 a5 12. Nb5 Ndb8 13. Qc2 Na6 14. h4 Qd7 15. c4 Nab4 16. Qb1 f5 17. Bxb4 axb4 18. exf5 Qxf5 19. Nd2 Be2 20. Be4 Qg4 21. Re1 Bxh4 22. Rxe2 Qxe2 23. Qe1 Qg4 24. Nc7 Rab8 25. Bd5+ Kh8 26. Qe4 Qxe4 27. Nxe4 Be7 28. Kg2 Na5 29. Rh1 g6 30. Ne6 Rf5 31. N6xc5 Bxc5 32. Nxc5 Rbf8 33. f3 Rb8 34. Be4 Rg5 35. g4 Re8 36. Nxb7 Nb3 37. Nd6 Re7 38. Kg3 Kg7 39. a5 Nxa5 40. Ra1 Nb3 41. Ra8 h5 42. Kh4 hxg4 43. Kxg5 g3 44. f4 Nc5 45. Bf3 Nxd3 46. f5 Rf7 47. Nxf7 Ne1 48. Be4 gxf5 49. Kxf5 d3 50. Nxe5 d2 51. Rd8 g2 52. Bxg2 1-0

[Event "Wch Blitz"]
[Site "Riadh"]
[Date "2017.12.30"]
[Round "14"]
[White "Grischuk, Alexander"]
[Black "Fressinet, Laurent"]
[Result "1-0"]
[WhiteElo "2772"]
[BlackElo "2662"]
[PlyCount "189"]
[EventDate "2017.12.29"]
[EventType "swiss (blitz)"]
[EventRounds "21"]
[EventCountry "SAU"]
[SourceTitle "CBM 182 Extra"]
[Source "ChessBase"]
[SourceDate "2018.02.23"]
[SourceVersion "1"]
[SourceVersionDate "2018.02.23"]
[SourceQuality "1"]

1. Nf3 d5 2. b3 Bg4 3. e3 Nf6 4. Bb2 e6 5. h3 Bh5 6. g4 Bg6 7. Ne5 ({RR} 7. Nh4 c5 8. d3 Nc6 9. Nd2 Be7 10. Bg2 Qc7 11. a3 Rd8 12. Qe2 d4 13. O-O O-O 14. Bxc6 Qxc6 15. e4 Nd7 16. Ng2 Rde8 17. f4 f5 18. Rae1 Bd8 19. Rf2 Ba5 20. e5 Nb6 21. Ref1 Bxd2 {Nakamura,H (2736)-Sjugirov,S (2675) Chess.com INT 2020 1-0 (77)}) 7... Nfd7 8. Nxg6 ({RR} 8. Bg2 Nxe5 9. Bxe5 Nc6 10. Bb2 h5 11. d3 hxg4 12. hxg4 Rxh1+ 13. Bxh1 Qh4 14. Bf3 Bb4+ 15. Ke2 O-O-O 16. Nd2 e5 17. Qh1 Qg5 18. Bxd5 Qxg4+ 19. Bf3 Qe6 20. Nc4 f6 21. Rg1 Qf7 22. Qg2 Bh5 {Askarov,B (2314)-Weetik,V (2423) chess.com INT 2025 1-0}) 8... hxg6 9. Bg2 Nf6 $146 ({RR} 9... c6 10. d3 a5 11. a3 Nf6 12. Nd2 Nbd7 13. Qe2 Bd6 14. f4 Qe7 15. O-O e5 16. f5 gxf5 17. Rxf5 O-O-O 18. c4 Kb8 19. cxd5 Nxd5 20. Nc4 Bc7 21. b4 g6 22. Rff1 f5 23. bxa5 fxg4 24. Qxg4 {Sivuk,V (2502)-Bellahcene,B (2517) Cap d'Agde FRA 2024 1-0 (45)}) ({RR} 9... Nc6 10. d3 g5 11. Nd2 Nce5 12. Qe2 Ng6 13. Nf3 Bb4+ 14. c3 Bd6 15. O-O-O a5 16. c4 Rh7 17. cxd5 exd5 18. Nd4 c6 19. Nf5 Be5 20. d4 Bc7 21. f4 a4 22. Kb1 axb3 23. axb3 gxf4 24. e4 {Edouard,R (2636)-Grandelius,N (2647) Berlin 2015 1-0 (36)}) 10. c4 c6 11. Qe2 Nbd7 12. Nc3 Bd6 13. Rd1 Qe7 14. O-O O-O 15. d4 Bb4 16. Qc2 a6 17. Ne2 Rac8 18. Nf4 Bd6 19. Rfe1 Rfd8 20. Nd3 e5 21. dxe5 Nxe5 22. Nf4 dxc4 23. bxc4 Ba3 24. Bd4 Bb4 25. Rf1 Bc5 26. Qb3 g5 27. Bxe5 Qxe5 28. Nd3 Qe7 29. Nxc5 Qxc5 30. Qxb7 Qxc4 31. Rxd8+ Rxd8 32. Qxc6 Qxa2 33. Qc5 a5 34. Qxg5 a4 35. Qa5 Rd2 36. Bf3 Nh7 37. g5 Nf8 38. h4 a3 39. h5 g6 40. h6 Qb2 41. Qa8 Qe5 42. h7+ Kxh7 43. Qxf8 Qxg5+ 44. Bg2 a2 45. Qxf7+ Kh6 46. Qf8+ Kh7 47. Qf7+ Kh6 48. Ra1 Qb5 49. Qf4+ Kg7 50. Qc7+ Kh6 51. Qf4+ Kg7 52. Bf1 Qb2 53. Qc7+ Kh6 54. Qc1 Rxf2 55. Qxb2 Rxb2 56. Bd3 g5 57. e4 Kg7 58. e5 Kf8 59. Bf5 Rb5 60. Rxa2 Rxe5 61. Bg4 Ke7 62. Kf2 Kd6 63. Kf3 Rc5 64. Ke4 Rc4+ 65. Kf5 Rf4+ 66. Kxg5 Rd4 67. Bf5 Ke5 68. Re2+ Kd6 69. Kf6 Rd5 70. Be4 Rd4 71. Kf5 Kc5 72. Ke5 Rc4 73. Rd2 Rc3 74. Rd8 Kc4 75. Bd5+ Kc5 76. Ke4 Kb6 77. Kd4 Rc7 78. Rb8+ Ka7 79. Rb1 Ka6 80. Ke5 Ka7 81. Kd6 Rc3 82. Bc6 Ka6 83. Kc7 Ka5 84. Rb8 Rc5 85. Kd6 Rc1 86. Rb5+ Ka6 87. Kc7 Rc3 88. Rh5 Rc1 89. Rh8 Ka5 90. Rh4 Ra1 91. Rc4 Ka6 92. Rc5 Ra3 93. Rh5 Ra1 94. Rh8 Ka5 95. Ra8+ 1-0

[Event "Wch Blitz"]
[Site "Riadh"]
[Date "2017.12.30"]
[Round "15"]
[White "Duda, Jan Krzysztof"]
[Black "Moiseenko, Alexander"]
[Result "1-0"]
[WhiteElo "2717"]
[BlackElo "2667"]
[PlyCount "83"]
[EventDate "2017.12.29"]
[EventType "swiss (blitz)"]
[EventRounds "21"]
[EventCountry "SAU"]
[SourceTitle "CBM 182 Extra"]
[Source "ChessBase"]
[SourceDate "2018.02.23"]
[SourceVersion "1"]
[SourceVersionDate "2018.02.23"]
[SourceQuality "1"]

1. Nf3 Nf6 2. c4 e6 3. g3 d5 4. Bg2 d4 5. O-O c5 6. d3 Nc6 7. e3 Bd6 8. Na3 O-O 9. exd4 cxd4 10. Nc2 e5 11. Bg5 h6 12. Bxf6 Qxf6 13. Nd2 Qe7 14. Re1 Bf5 $146 ({RR} 14... a5 15. Bxc6 bxc6 16. Nxd4 Qb7 17. N4f3 Bg4 18. b3 Bb4 19. Re3 Bc3 20. Rc1 Bd4 21. Re4 f5 22. Rxg4 fxg4 23. Nxd4 exd4 24. Qxg4 c5 25. Ne4 Qe7 26. Re1 a4 27. Re2 axb3 28. axb3 Ra1+ 29. Kg2 {Ianov,V (2279)-Shimelkov,V (2159) Chess.com INT 2021 1-0 (41)}) ({RR} 14... a5 15. Bxc6 bxc6 16. Nxd4 Qb7 17. N4f3 Bg4 18. b3 Bb4 19. Re3 Bc3 20. Rc1 Bd4 21. Re4 f5 22. Rxg4 fxg4 23. Nxd4 exd4 24. Qxg4 c5 25. Ne4 Qe7 26. Re1 a4 27. Re2 axb3 28. axb3 Ra1+ 29. Kg2 {Ianov,V (2279)-Shimelkov,V (2159) Chess.com INT 2021 1-0 (41)}) 15. Bxc6 bxc6 16. Nxd4 Bd7 17. N4f3 c5 18. Ne4 Bc7 19. Nfd2 Bc6 20. Nb3 Bb6 21. Qh5 f5 22. Nc3 Qd6 23. Re3 Rae8 24. Rae1 f4 25. Rxe5 fxg3 26. hxg3 Bf3 27. Qxe8 Rxe8 28. Rxe8+ Kh7 29. R1e3 Bb7 30. R8e6 Qd8 31. Re7 Bc6 32. Nc1 Ba5 33. N1e2 Qb8 34. b3 Qd8 35. f3 Bxc3 36. Nxc3 Qd4 37. Ne2 Qa1+ 38. Kf2 Qxa2 39. Rc7 Ba8 40. Ree7 Kg6 41. Rxg7+ Kh5 42. Rxc5+ 1-0

[Event "Wch Blitz"]
[Site "Riadh"]
[Date "2017.12.30"]
[Round "17"]
[White "Amin, Bassem"]
[Black "Bocharov, Dmitry"]
[Result "1-0"]
[WhiteElo "2689"]
[BlackElo "2583"]
[PlyCount "103"]
[EventDate "2017.12.29"]
[EventType "swiss (blitz)"]
[EventRounds "21"]
[EventCountry "SAU"]
[SourceTitle "CBM 182 Extra"]
[Source "ChessBase"]
[SourceDate "2018.02.23"]
[SourceVersion "1"]
[SourceVersionDate "2018.02.23"]
[SourceQuality "1"]

1. e4 c5 2. Nf3 Nc6 3. d3 g6 4. g3 Bg7 5. Bg2 e5 6. O-O Nge7 7. c3 O-O 8. a3 d6 9. b4 h6 10. Nbd2 Be6 11. Nb3 ({RR} 11. Re1 Rc8 12. Bb2 b5 13. Nf1 a5 14. a4 axb4 15. axb5 bxc3 16. Bxc3 Nb4 17. Ne3 Rb8 18. Bxb4 cxb4 19. Qa4 Qd7 20. Qxb4 Rxb5 21. Qd2 Rfb8 22. d4 Rb2 23. Qd1 Bb3 24. Qd3 Qb5 25. Qc3 Ba2 {Svidler,P (2743)-Grischuk,A (2795) Sochi 2014 ½-½ (42)}) 11... b6 12. b5 Nb8 13. d4 $146 ({RR} 13. a4 Nd7 14. d4 Rc8 15. dxe5 dxe5 16. Qc2 c4 17. Nbd2 Nc5 18. Ba3 f5 19. Rfd1 Qe8 20. exf5 gxf5 21. Bxc5 Rxc5 22. Nf1 Bf7 23. Nh4 e4 24. Bh3 Be6 25. f3 Nd5 26. Ra3 e3 27. f4 e2 {Amin,B (2400)-Taleb,M (2508) Dubai 2005 0-1 (49)}) ({RR} 13. a4 c4 14. dxc4 Bxc4 15. Re1 Qc7 16. Ba3 Rd8 17. Nfd2 Be6 18. Nf1 a6 19. Bb4 axb5 20. axb5 Rxa1 21. Nxa1 Bc4 22. Qa4 Qd7 23. Rd1 Qxb5 24. Qxb5 Bxb5 25. Rxd6 Rxd6 26. Bxd6 Nbc6 27. Bc7 Nc8 {Amin,B (2667)-Restas,P (2064) Ajka HUN 2024 1-0 (39)}) ({RR} 13. a4 Nd7 14. Nfd2 Rc8 15. Nc4 Qc7 16. Ne3 Rfd8 17. c4 Rf8 18. Bb2 f5 19. f4 Rce8 20. a5 Kh7 21. Nd2 Rf7 22. Nd5 Qb8 23. axb6 axb6 24. Ra6 Bxd5 25. cxd5 Nc8 26. Nc4 Qc7 27. exf5 gxf5 {Amin,B (2680)-Tukhaev,A (2534) Abu Dhabi 2021 1-0 (41)}) ({RR} 13. Nbd2 Nd7 14. Bb2 f5 15. exf5 gxf5 16. Nh4 Rc8 17. c4 Qe8 18. f4 Ng6 19. Nxg6 Qxg6 20. Qc2 exf4 21. gxf4 Kh7 22. Nf3 Bxb2 23. Qxb2 Rf6 24. Kh1 Rg8 25. Rg1 Qh5 26. Rae1 Rfg6 27. Qe2 Qg4 {Franciosi,F (2139)-Sulava,N (2442) Bratto 2015 ½-½}) 13... exd4 14. cxd4 Nd7 15. Rb1 c4 16. Na1 d5 17. e5 a6 18. Nc2 axb5 19. Rxb5 Ra5 20. Rxa5 bxa5 21. Ne3 Qb6 22. Bd2 Nc6 23. Bc3 Qb3 24. Qxb3 cxb3 25. Nd2 a4 26. Nxd5 Rc8 27. Bb2 Bxd5 28. Bxd5 Ne7 29. Be4 Nb6 30. Rc1 Rxc1+ 31. Bxc1 Ned5 32. Bb2 Bf8 33. Kf1 Be7 34. Ke2 Nc7 35. Bc6 f6 36. f4 Kf7 37. Kd3 Ke6 38. Nc4 Ncd5 39. Nxb6 Nxb6 40. Bb5 Kd5 41. Be8 g5 42. Bf7+ Kc6 43. Ke4 fxe5 44. fxe5 Kb5 45. Be8+ Kc4 46. d5 Kc5 47. d6 Bd8 48. Bd4+ Kc4 49. Bf7+ Kb5 50. e6 Nc4 51. Kd5 Ne3+ 52. Bxe3 1-0

[Event "Wch Blitz"]
[Site "Riadh"]
[Date "2017.12.30"]
[Round "18"]
[White "Adly, Ahmed"]
[Black "Esipenko, Andrey"]
[Result "1-0"]
[WhiteElo "2637"]
[BlackElo "2564"]
[PlyCount "77"]
[EventDate "2017.12.29"]
[EventType "swiss (blitz)"]
[EventRounds "21"]
[EventCountry "SAU"]
[SourceTitle "CBM 182 Extra"]
[Source "ChessBase"]
[SourceDate "2018.02.23"]
[SourceVersion "1"]
[SourceVersionDate "2018.02.23"]
[SourceQuality "1"]

1. Nf3 {Chekhov,Valery A} Nf6 2. g3 b5 3. Bg2 Bb7 4. O-O e6 5. d3 d5 6. Nbd2 Nbd7 ({RR} 6... Be7 7. e4 c5 8. Re1 Nc6 9. h4 O-O 10. e5 Nd7 11. Nf1 Qc7 12. Bf4 a5 13. N1h2 a4 14. a3) 7. e4 dxe4 8. dxe4 ({RR} 8. Ng5 Be7 9. Ngxe4 Qc8 10. Qe2 O-O 11. a4 a6) ({RR} 8. Ng5 Be7 9. a4 a6 10. Ngxe4 Rb8 11. axb5 axb5 12. Ra7 Bxe4 13. Nxe4 Nxe4 14. Bxe4 Bc5 15. Ra6 O-O 16. Re1 Bb6 17. Ra1 Nc5 18. Bc6 b4 19. Be3 Qd6 20. Bb5 Rfd8 21. Bc4 b3 22. Bf4 Qd7 {Tica,S (2427)-Kanyamarala,T (2158) chess.com INT 2025 1-0 (50)}) 8... e5 ({RR} 8... Nxe4 9. Nxe4 Bxe4 10. Qe2 Bc6 11. Rd1 Bd6 12. Bg5 Qc8 13. Nd4 Bxg2 14. Kxg2 ({RR} 14. Nxe6 fxe6 15. Qxe6+ Kf8 16. Qf5+ Nf6) 14... h6 ({RR} 14... O-O 15. Nxb5) ({RR} 14... a6 15. Nxe6 fxe6 16. Qxe6+ Kf8 17. Rxd6 cxd6 18. Be7+ Ke8 19. Bf6+ Kf8 20. Qe7+) 15. Nxe6 hxg5 ({RR} 15... fxe6 16. Qxe6+ Kf8 17. Rxd6 hxg5 ({RR} 17... cxd6 18. Be7+) 18. Rxd7) 16. Nxc7+ Kf8 17. Nxa8 Qxa8+ 18. Kg1 Rh6 19. Qxb5 Ne5 20. Qd5 Qc8 ({RR} 20... Qxd5 21. Rxd5 g4 22. Rad1 Bc7) 21. Re1 Qh3 ({RR} 21... Qf5 22. Qa8+ Ke7 23. Rad1) ({RR} 21... Ng4 22. h3 Nxf2 23. Kxf2 Qxc2+ ({RR} 23... Bxg3+ 24. Kxg3 Qxh3+ 25. Kf2 Qh2+ ({RR} 25... Rf6+ 26. Ke2 ({RR} 26. Kg1 Qg4+ 27. Qg2 Qd4+ 28. Kh1 Rh6+ 29. Qh2 Rxh2+ 30. Kxh2 Qxb2) 26... Re6+ 27. Kd2 Qh2+ 28. Kc3 ({RR} 28. Kd1 Qh5+ 29. Kd2) 28... Qg3+ 29. Qd3 Qc7+ 30. Kd2 Rd6) 26. Ke3 Re6+ ({RR} 26... Rh3+ 27. Kd4 Qd2+ 28. Kc5 Qxc2+ 29. Kd6 Rh6+ 30. Kd7) 27. Kd3 Qg3+ 28. Kd2 Qf2+ 29. Kd3 Rxe1 30. Rxe1 Qxe1 31. Qd8+ Qe8 32. Qxg5) 24. Kf1 Rf6+ 25. Kg1 Qf2+ 26. Kh1 Qxg3 27. Qg2) 22. Rxe5 Qxh2+ 23. Kf1 {Vasiukov,E (2505)-Aleksandrov,A (2550) Moscow 1996 CBM 056 Extra [Chekhov,Valery A] 1-0 (37)}) ({RR} 8... Be7 9. Qe2 a6 10. e5 Nd5 11. h4 Nc5 12. Rd1 O-O 13. Nb3 Nxb3 14. axb3) ({RR} 8... Nc5 9. Qe2 a6 10. Rd1 Qc8 11. Nd4 e5 12. N4b3 Bc6 13. Nf3 Nxb3 14. axb3 Bd6 15. Bg5 Qe6 16. Nh4) 9. Qe2 a6 10. a4 c6 $146 ({RR} 10... Bc6 11. Nb3 Bb4 12. Rd1 Qb8 13. c3 bxa4 14. Nbd4 exd4 15. Nxd4 Bb7 16. e5 Nd5 17. cxb4 O-O 18. Nf5 N5b6 19. Bxb7 Qxb7 20. Bh6 Rfe8 21. Bxg7 Re6 22. h4 Rae8 23. h5 f6 24. Qg4 Nxe5 25. Nh6# {Ziska,H (2535)-Vang,F (2026) Faroe Islands 2020 1-0}) ({RR} 10... Bc6 11. Nb3 Bb4 12. Rd1 Qb8 13. c3 bxa4 14. Nbd4 exd4 15. Nxd4 Bb7 16. e5 Nd5 17. cxb4 O-O 18. Nf5 N5b6 19. Bxb7 Qxb7 20. Bh6 Rfe8 21. Bxg7 Re6 22. h4 Rae8 23. h5 f6 24. Qg4 Nxe5 25. Nh6# {Ziska,H (2535)-Vang,F (2026) Faroe Islands 2020 1-0}) 11. Rd1 Qc7 12. Nb3 g6 13. c4 b4 14. c5 a5 15. Qc2 Ba6 16. h3 h6 17. Be3 Be7 18. Nfd2 Kf8 19. Nc4 Bxc4 20. Qxc4 Kg7 21. Rd3 Nf8 22. f4 Nh5 23. fxe5 Nxg3 24. Rd6 Nh5 25. Rf1 Bg5 26. Bxg5 hxg5 27. Nd4 Nf4 28. e6 N8xe6 29. Nxe6+ fxe6 30. Qd4+ e5 31. Qxe5+ Kh7 32. Qxg5 Ne2+ 33. Kf2 Nf4 34. Kg1 Ne2+ 35. Kh1 Rhg8 36. Rff6 Qe7 37. Qh4+ Kg7 38. Rxg6+ Kf7 39. Qh7+ 1-0

[Event "Wch Blitz"]
[Site "Riadh"]
[Date "2017.12.30"]
[Round "18"]
[White "Petrosian, Tigran L"]
[Black "Vachier Lagrave, Maxime"]
[Result "1-0"]
[WhiteElo "2601"]
[BlackElo "2789"]
[PlyCount "129"]
[EventDate "2017.12.29"]
[EventType "swiss (blitz)"]
[EventRounds "21"]
[EventCountry "SAU"]
[SourceTitle "CBM 182 Extra"]
[Source "ChessBase"]
[SourceDate "2018.02.23"]
[SourceVersion "1"]
[SourceVersionDate "2018.02.23"]
[SourceQuality "1"]

1. Nf3 c5 2. g3 g6 3. Bg2 Bg7 4. O-O Nc6 5. e4 d6 6. d3 e5 7. c3 Nge7 8. a3 O-O 9. b4 b6 10. Nbd2 h6 11. Re1 ({RR} 11. Nc4 Be6 12. b5 Nb8 13. a4 Qc7 14. Ne3 Nd7 15. d4 Nf6 16. d5 Bd7 17. Nd2 a6 18. Rb1 axb5 19. axb5 Ra5 20. c4 Nh7 21. Bb2 Ra2 22. Nb3 f5 23. Nc1 Raa8 24. exf5 Nxf5 25. Nxf5 Bxf5 {Anton Guijarro,D (2688)-Vachier Lagrave,M (2778) Chess.com INT 2020 0-1 (90)}) ({RR} 11. Nc4 Kh7 12. b5 Nb8 13. d4 exd4 14. cxd4 Bb7 15. Re1 d5 16. exd5 Bxd5 17. Ne3 Bb7 18. Bb2 Nd7 19. Qb3 cxd4 20. Bxd4 Bxd4 21. Nxd4 Bxg2 22. Kxg2 Nc5 23. Qc4 Rc8 24. Rad1 Qc7 25. h4 Kg7 {Tabuenca Mendataurigoitia,D (2423)-Paikens,R (2165) chess.com INT 2024 ½-½ (55)}) 11... Be6 12. Bb2 Qd7 13. Nc4 $146 ({RR} 13. b5 Na5 14. c4 Nb7 15. a4 a5 16. Nf1 Rae8 {½-½ (16) Szumilas,P (2156)-Neuman,P (2426) Litomysl 2015}) ({RR} 13. b5 Na5 14. a4 f5 15. exf5 gxf5 16. c4 Nb7 17. Nh4 Bf6 18. Qh5 Kh7 19. Bh3 Bxh4 20. Qxh4 Ng6 21. Qh5 f4 22. Bxe6 Qxe6 23. Qe2 Qf7 24. Rf1 Nd8 25. a5 bxa5 26. Rxa5 Ne6 27. Rfa1 Ng5 {Bach,T (2179)-Tereick,B (2181) Germany 2005 1-0 (48)}) 13... Rad8 14. b5 Nb8 15. a4 Qc7 16. a5 Nd7 17. axb6 axb6 18. Qa4 d5 19. exd5 Nxd5 20. Nfd2 Rb8 21. Qa7 Rb7 22. Qa6 Rbb8 23. Qa7 Rb7 24. Qa6 Rd8 25. Nd6 Rbb8 26. N2c4 N7f6 27. Qa7 Bf8 28. Ne4 Nxe4 29. dxe4 Qxa7 30. Rxa7 Nxc3 31. Bxc3 Bxc4 32. Bxe5 Ra8 33. Rxa8 Rxa8 34. Bf1 Bb3 35. Rc1 Ra4 36. Bc7 c4 37. Bxb6 Ba3 38. Ra1 c3 39. Be3 c2 40. b6 Rxe4 41. Rxa3 Rxe3 42. b7 c1=Q 43. b8=Q+ Kh7 44. Rxb3 Re1 45. Qb5 Qd1 46. Re3 Rxe3 47. fxe3 Qf3 48. Qe2 Qf6 49. Qf2 Qe7 50. Bc4 Kg7 51. Qb2+ Kh7 52. Qd4 h5 53. h4 Kg8 54. Kg2 Qb7+ 55. Bd5 Qa6 56. Qc4 Qf6 57. Qf4 Qe7 58. Qg5 Qd6 59. e4 Kg7 60. Qf4 Qe7 61. e5 Qd7 62. Qf6+ Kf8 63. Qh8+ Ke7 64. Qf6+ Ke8 65. Bc6 1-0

[Event "Wch Blitz"]
[Site "Riadh"]
[Date "2017.12.30"]
[Round "20"]
[White "Nepomniachtchi, Ian"]
[Black "Vidit, Santosh Gujrathi"]
[Result "1-0"]
[WhiteElo "2729"]
[BlackElo "2715"]
[PlyCount "137"]
[EventDate "2017.12.29"]
[EventType "swiss (blitz)"]
[EventRounds "21"]
[EventCountry "SAU"]
[SourceTitle "CBM 182 Extra"]
[Source "ChessBase"]
[SourceDate "2018.02.23"]
[SourceVersion "1"]
[SourceVersionDate "2018.02.23"]
[SourceQuality "1"]

1. Nf3 d5 2. g3 g6 3. Bg2 Bg7 4. O-O e5 5. d3 Ne7 6. e4 O-O 7. exd5 Nxd5 8. Re1 Nc6 9. Nc3 Nde7 10. Rb1 a5 11. a3 Nf5 12. b4 axb4 13. axb4 Re8 14. b5 Ncd4 15. Nd2 Nd6 ({RR} 15... Ra7 16. Nde4 h6 17. Nd5 Ra5 18. c4 c6 19. bxc6 bxc6 20. Nb6 Qc7 21. Bd2 Ra2 22. Nc3 Ra6 23. Nxc8 Rxc8 24. Ne2 Nxe2+ 25. Rxe2 Nd4 26. Re1 Rd8 27. Bc3 Ra2 28. Ra1 Rxa1 29. Bxa1 Qb6 30. Qa4 {Nepomniachtchi,I (2729)-Caruana,F (2799) London 2017 ½-½ (31)}) 16. Nde4 Nxe4 17. Nxe4 Rb8 $146 ({RR} 17... Ra5 18. b6 cxb6 19. c3 Ne6 20. Be3 b5 21. Qb3 Qc7 22. Qb4 Rd8 23. c4 Rxd3 {½-½ (23) Brankovic,D (2290)-Pecurica,M (2356) Paracin 2020}) ({RR} 17... Ra5 18. b6 cxb6 19. c3 Ne6 20. Be3 b5 21. Qb3 Qc7 22. Qb4 Rd8 23. c4 Rxd3 {½-½ (23) Brankovic,D (2290)-Pecurica,M (2356) Paracin 2020}) 18. Bg5 f6 19. Be3 b6 20. Bxd4 Qxd4 21. c3 Qd8 22. c4 Be6 23. Nc3 Kh8 24. Nd5 Bf8 25. d4 Bxd5 26. Bxd5 exd4 27. Qxd4 Kg7 28. h4 Bc5 29. Qf4 Qd6 30. Qf3 Re5 31. Rxe5 fxe5 32. Qe4 Rf8 33. Rf1 Qf6 34. Kg2 Qf5 35. Qe2 Bd4 36. f4 Qf6 37. h5 gxh5 38. Qxh5 Qg6 39. Qh4 Rf6 40. f5 Qh6 41. Qg4+ Kf8 42. Re1 Qg7 43. Qh4 Qh6 44. Qg4 Qg7 45. Qh4 Qh6 46. Qxh6+ Rxh6 47. g4 Rf6 48. Be6 h6 49. Kf3 Kg7 50. Re2 Rf8 51. Ra2 Re8 52. Ra7 Re7 53. Ra8 Kf6 54. Rf8+ Kg7 55. Rg8+ Kh7 56. Rc8 e4+ 57. Kxe4 Bf6 58. Kd5 Kg7 59. Kc6 Be5 60. Rg8+ Kh7 61. Rc8 Kg7 62. Kd5 Bf6 63. Rg8+ Kh7 64. Rg6 Bc3 65. f6 Re8 66. Bf5 Rf8 67. Ke6 Bb2 68. Rg7+ Kh8 69. Rh7+ 1-0